00530nmm a2200169Ia 4500008004100000020001800041041000800059100001900067245005500086264008500141300001800226490002000244650002100264856005100285942000700336999001700343251105s9999||||xx |||||||||||||||||und|| a9788490656815 aspa aSalís, Marta 0aViajeros :b De Jonathan Swift a Alan Hollinghurst a[Madrid, España] :bAlba Editorial, c[Fecha de publicación no identificada] a896 páginas aClásica Maior aOther narratives uhttps://public.digitaliapublishing.com/a/80289 cCF c87817d87817